Statistics for Onomatopoeia #2

Click here to take the quiz!

General Stats

  • This quiz has been taken 15,624 times
  • The average score is 18 of 27

Answer Stats

HintWord% Correct
A horse saying noNeigh
92%
Frog's noiseRibbit
90%
Get the phone!Ring
90%
A noisy sleeperSnore
89%
Cow's soundMoo
88%
Pig's noiseOink
87%
To command someone to be quiet,
with index finger on the lips
Shush
87%
A clock on the wallTick Tock
85%
A car coming to a sudden haltScreech
78%
Whip's noiseCrack
77%
A baby cryingWah
77%
The sound of car keys or
Santa's sleigh
Jingle
75%
Eating hot soupSlurp
73%
How a rooster says "good morning"Cock-a-doodle-doo
69%
An old staircase as someone tries
to quietly climb it
Creak
69%
Cash register's soundKer-ching
68%
Female chicken's noiseCluck
65%
Clearing one's throatAhem
61%
A fire in the fireplaceCrackle
61%
A camera shutter closingClick
57%
Nothing but net!Swish
55%
Strike one's knuckles on the tableRap
45%
Getting struck by a laserZap
43%
Rapid inhalation through the noseSnort
36%
Sound of a Casio watch
striking the hour
Beep
35%
Pouring water from a jugGlug
34%
The sound of a honky-tonk guitarTwang
28%

Score Distribution

Percentile by Number Answered

Percent of People with Each Score

Your Score History

You have not taken this quiz